Country + Capital = 17 - Statistics

General Stats
  • This quiz has been taken 7 times
  • The average score is 12 of 22
Answer Stats
Hint Answer % Correct
5;12 Australia
83%
Canberra
83%
Ljubljana
83%
Slovenia
83%
6;11 Cambodia
67%
Copenhagen
67%
7;10 Denmark
67%
8;9 Haiti
67%
11;6 Pakistan
67%
Islamabad
50%
9;8 Kyrgyzstan
50%
Manila
50%
Philippines
50%
Phnom Penh
50%
Port-au-Prince
50%
Riyadh
50%
Saudi Arabia
50%
Bishkek
33%
Montevideo
33%
Uruguay
33%
10;7 Micronesia
17%
Palikir
0%
No matching quizzes found
Score Distribution
Percent of People with Each Score
Percentile by Number Answered
Your Score History
You have not taken this quiz